00720nam a2200253 a 4500001001300000003000900013005001700022008004100039020002500080082001500105100002100120245002700141260003300168300000900201500003500210505001000245650002200255650002800277700002100305902000800326942000700334952010800341999001700449nice12345678IN_TiNIC20260116013200.0050524s1991 newa grp 000 0 eng  a0883448 c661.500a181.4bELL aEllsberg, Robert aGandhi on Christianity aNew YorkbOrbis Books c1991 a117p aincludes index and biblioraphy2 aIndex aPhilosophy-Gandhi aChristianity and Gandhi1 aEllsberg, Robert bSRS cBK 00104070aHMIbHMId2009-10-05g661.50l1o181.4 ELLp016549r2018-02-23s2018-02-15w2026-01-16yEB c10008d10008